000 01186nam0a22003131 4500
001 RU\NLR\A1SV\112214
005 20251203171251.9
035 _a(NLR Aleph) 009793567
090 _a10147079
_c10147079
100 _a20120210d1923 u y0rusy50 ca
101 0 _arus
102 _aRU
200 1 _aКорнеплоды - основа крестьянского хозяйства
_fН.Свидерский
210 _aМ.
_aПг.
_cГос. изд-во
_d1923
215 _a64, [2] с.
_cил.
_d18 см
225 _aДля крестьян и рабочих
_eПолевое хоз-во
_v№29
300 _aНапеч. в Петрограде
451 1 _1001RU\NLR\A1SV\112216
_910147087
_aСвидерский, Н.С.
_cЛ.
_d1925
_e2-е изд.
_fН.Свидерский
_nГос. изд-во
_p88 с.
_tКорнеплоды - основа крестьянского хозяйства
620 _dСанкт-Петербург
620 _dМосква
700 1 _aСвидерский
_bН.С.
801 0 _aRU
_bNLR
_c20120210
852 _aNLR
_j37.77.6.122/29
899 _aРГБ
899 _aКирОУНБ
942 _cBOOK
980 _aNB
980 _aA1SV